000 00471nam a2200205Ia 4500
001 14538
003 GE_BSU
008 181216s||||||||xx |||||||||||||| ||und||
020 _a9781846942259
040 _cGE_BSU
080 _a94(470.67)
100 _aBerman,Michael
245 _aShamanic Journeys. Through Daghestan
260 _aWashington
260 _c2009
300 _a140p.22cm.
653 _aShamanic Journeys
653 _aThrough Daghestan
942 _cBK
999 _c47669
_d47669